Raja Sore

Bibliographic Details
Other Authors: Ismail Ibrahim
Format: Book
Published: Kuala Lumpur : DBP , 1994
Series:Siri cerita rakyat
Subjects:

MARC

LEADER 00000cam a2200000 7i4500
001 0000007425
002 000007983
005 20011120.0
020 |a 9836240594 
090 0 0 |a 398.45   |b RAJ 
245 0 0 |a Raja Sore   |c diselenggarakan oleh Harun Jaafar, Ismail Ibrahim 
260 |a Kuala Lumpur :   |b DBP ,   |c 1994 
300 |a 72p. ;   |c 21cm. 
490 0 |a Siri cerita rakyat 
650 0 0 |a Folk literature, Malay 
700 0 |a Ismail Ibrahim 
999 |a 041009   |b BUKU   |c PINJAMAN   |e PERPUSTAKAAN KOMUNITI PETALING JAYA 
999 |a 051444   |b BUKU   |c PINJAMAN   |e PERPUSTAKAAN KOMUNITI PETALING JAYA 
999 |a 051445   |b BUKU   |c PINJAMAN   |e PERPUSTAKAAN KOMUNITI PETALING JAYA 
999 |a 051446   |b BUKU   |c PINJAMAN   |e PERPUSTAKAAN KOMUNITI PETALING JAYA